Statistics for Former Countries of the Mali Empire

Click here to take the quiz!

General Stats

  • This quiz has been taken 19 times
  • The average score is 9 of 10

Answer Stats

Country% Correct
Guinea
100%
Guinea-Bissau
100%
Mali
100%
Mauritania
100%
Burkina Faso
94%
Ivory Coast
94%
Gambia
89%
Ghana
89%
Niger
89%
Senegal
89%

Score Distribution

Percentile by Number Answered

Percent of People with Each Score

Your Score History

You have not taken this quiz